| 000 | 00443nam a2200157Ia 4500 | ||
|---|---|---|---|
| 008 | 220216s9999 xx 000 0 und d | ||
| 100 | _aXie D X | ||
| 245 | 0 | _aRFLP based genetic maps of the homoeologous group 5 chromosomes of bread wheat (Triticum asestivum L.) | |
| 260 |
_bTheoretical and Applied Genetics _c1993 |
||
| 300 | _a70-74 | ||
| 650 | _aRFLP | ||
| 700 | _aDevos K M | ||
| 700 | _aGale M D | ||
| 700 | _aMoore G | ||
| 942 | _cJS | ||
| 999 |
_c67005 _d67005 |
||